| 000 | 00399nam a2200169Ia 4500 | ||
|---|---|---|---|
| 008 | 180921t2015 xxu||||| |||| 00| 0 sin d | ||
| 041 | _asin | ||
| 080 |
_a301 _bARI |
||
| 100 | _aAriyapala, Bandula. K | ||
| 245 | _aදොළ දුක | ||
| 246 | _aDola Duka | ||
| 260 |
_bAratuwa _aNegombo _c2015 |
||
| 300 | _b64p, 22cm | ||
| 942 | _cBK | ||
| 999 |
_c545 _d545 |
||
| 003 | LK-CoDNM | ||
| 040 |
_aLK-CoDNM _dLK-CoDNM _eLK-CoDNM |
||